000 00964cam2a2200301 4500
999 _c1366
_d1366
001 002319125
003 OSt
005 20221228163920.0
008 eng
010 1 _a0316358479
_bpbk
010 1 _a9780316358477
_bpbk
020 _a9780316358477
040 _c.
_dKH8
042 _anbic
050 _a002319125
082 _a741.59493 HER
100 _aHerge
_eAuthor
210 _aNew York
245 _aThe Calculus Affair
_cHerge
260 1 _aNew York
_bLittle, Brown
_c1976
300 _a62 pages :
_bcolor illustrations ;
_c30 cm.
410 0 _aThe adventures of Tintin.
500 1 0 _aThe adventures of Tintin (Les Aventures de Tintin) is a series of comic strips created by the Belgian artist Georges Re'mi (1907-1983), who wrote under the pen name of Herge.
650 _vAction and adventure fiction
_xGraphic novels
651 _aRomans graphiques
700 0 _aHergé,
_f1907-1983.
942 _2ddc
_cNFIC